000 00891nam a22002537a 4500
005 20100724141056.0
010 _aENG-96672
020 _a9780070681200
020 _a0070681201
_c375.00
035 _aEN-80205
037 _bDBAD/PUB
082 _a629.8
100 _aDistefano, Joseph J
_91367
245 _aControl systems /
_cby Joseph J Distefano, Allen R Stubberud and Ivan J Williams
250 _a3rd ed
260 _aNew Delhi
_bTata McGraw Hill Education
_c2010
270 _bDelhi
300 _avarious pagings
_c24cm. (pbk)
500 _aincludes bibliographical references and index
700 _aStubberud, Allen R
_91262
700 _aWilliams, Ivan J
_91263
942 _2ddc
_cEN
_h629.8
_mDIS
999 _c37567
_d37567